000 01121nam a2200349 a 4500
001 000049079
003 DO-SdBPM
005 20241008133823.0
008 090709t2008 dr 001 0 spa d
020 _a9789993456193
040 _aDO-SdBNP
_bspa
_cBPMSU
082 4 _aRD863.5
_bV632a 2008
_22008
100 1 _aVicens, Lorenzo
245 1 0 _aAguacates Juan :
_bcómo iniciar y triunfar en los negocios /
_cLorenzo Vicens ; prólogo Melvin Peña ; coordinación editorial Bismar Galán.
246 1 2 _5Aguacates Juan
250 _a2ª. ed.,
260 _aSanto Domingo :
_bGrupo Norma,
_c2008
300 _a206 p. ;
_c23 cm.
590 _aInventariado, 2024/VM
650 4 _aNovela dominicana
650 4 _aLiteratura dominicana.
650 4 _aAptitud creadora en los negocios
_xNovela
650 4 _aMicroempresas
_xNovela
650 4 _aCrecimiento personal
_xNovela
650 z _aDominican fictions
650 z _aDominican literature
700 1 _aPeña, Melvin,
_epról.
700 1 2 _aGalán, Bismar,
_d1961-
_eed.
700 z _aGalán, B.
910 _aVMateo V. Control de calidad. BPMSU
942 _2ddc
_cBK
999 _c14823
_d14823